UM Logo

Advanced credit risk analysis and management/ (Record no. 1323)

MARC details
000 -LEADER
fixed length control field 00584nam a22001697a 4500
008 - FIXED-LENGTH DATA ELEMENTS--GENERAL INFORMATION
fixed length control field 160318b xxu||||| |||| 00| 0 eng d
020 ## - INTERNATIONAL STANDARD BOOK NUMBER
International Standard Book Number 978-1-11860491-5 (hbk.)
082 ## - DEWEY DECIMAL CLASSIFICATION NUMBER
Edition number 2013
Classification number DC 658.152
Item number J77s
100 ## - MAIN ENTRY--PERSONAL NAME
9 (RLIN) 3903
Personal name Joseph, Ciby.
245 ## - TITLE STATEMENT
Title Advanced credit risk analysis and management/
Statement of responsibility, etc. Ciby Joseph.
260 ## - PUBLICATION, DISTRIBUTION, ETC. (IMPRINT)
Place of publication, distribution, etc. Chichester, West Sussex :
Name of publisher, distributor, etc. Wiley,
Date of publication, distribution, etc. c2013.
300 ## - PHYSICAL DESCRIPTION
Extent xix, 427 pages:
Dimensions 26 cm.
500 ## - GENERAL NOTE
General note Includes bibliographical references (p. [411]-413) and index.<br/>
650 #0 - SUBJECT ADDED ENTRY--TOPICAL TERM
9 (RLIN) 3904
Topical term or geographic name as entry element Credit
General subdivision Management.
650 #0 - SUBJECT ADDED ENTRY--TOPICAL TERM
9 (RLIN) 3905
Topical term or geographic name as entry element Risk management.
942 ## - ADDED ENTRY ELEMENTS (KOHA)
Source of classification or shelving scheme Dewey Decimal Classification
Koha item type Circulation
Holdings
Withdrawn status Lost status Source of classification or shelving scheme Damaged status Not for loan Collection code Home library Current library Date acquired Source of acquisition Total Checkouts Full call number Barcode Date last seen Date last checked out Copy number Price effective from Koha item type
    Dewey Decimal Classification     Circulation UM Digos College - LIC UM Digos College - LIC 01/21/2014 Purchased 2 DC 658.152 J77s 2013 22162 05/15/2025 07/20/2017 1 03/18/2016 Circulation